Innovación y mejora de procesos logísticos: (Registro nro. 9129)

Detalles MARC
000 -LEADER
fixed length control field 01397nam a2200217Ia 4500
005 - FECHA Y HORA DE LA ÚLTIMA TRANSACCIÓN
control field 20230905142909.0
008 - FIXED-LENGTH DATA ELEMENTS--GENERAL INFORMATION
fixed length control field 230903s9999 xx 000 0 und d
020 ## - INTERNATIONAL STANDARD BOOK NUMBER
International Standard Book Number 978-847-356-520-2
040 ## - CATALOGING SOURCE
Original cataloging agency UPAN
Transcribing agency Biblioteca San Vicente
Description conventions RCAA2
041 ## - LANGUAGE CODE
Language code of text/sound track or separate title spa
082 ## - DEWEY DECIMAL CLASSIFICATION NUMBER
Classification number 658.7
Item number A539i
año de publicación 2007
100 ## - MAIN ENTRY--PERSONAL NAME
Personal name Anaya Tejero, Julián Juan
Relator code aut.
245 #0 - TITLE STATEMENT
Title Innovación y mejora de procesos logísticos:
Remainder of title Análisis, diagnósticos e implantación de los sistemas logísticos/
Statement of responsibility, etc Julio Julián Anaya Tejero, Sonia Polaco Martín
250 ## - EDITION STATEMENT
Edition statement 2° ed.
260 ## - PUBLICATION, DISTRIBUTION, ETC. (IMPRINT)
Place of publication, distribution, etc España:
Name of publisher, distributor, etc ESIC,
Date of publication, distribution, etc 2007
300 ## - PHYSICAL DESCRIPTION
Extent 228 p.;
Dimensions 24 cm.
505 ## - FORMATTED CONTENTS NOTE
Formatted contents note Parte I: Contenido y filosofía de la logística integral<br/>Capitulo 1: La cadena de suministro y la cadena logística<br/>Capitulo 2: Filosofía de la gestación integral de la cadena<br/>Capitulo 3: El papel de la información en el desarrollo logístico de la empresa<br/>Capitulo 4: La excelencia logística<br/>Parte II: Del diagnostico logístico al plan estratégico de mejora<br/>Capitulo 5: ¿Por qué diagnostico logístico?<br/>Capitulo 6: Técnicas y métodos aplicables al análisis<br/>Capitulo 7: Etapas previas para un diagnostico logístico<br/>Capitulo 8: Análisis de la situación logística<br/>Capitulo 9: Como afrontar un plan de mejora logística<br/>Anexos
650 ## - SUBJECT ADDED ENTRY--TOPICAL TERM
Source of heading or term LEMB
Form subdivision Administración
General subdivision Procesos
700 ## - ADDED ENTRY--PERSONAL NAME
Personal name Polanco Martín, Sonia
Relator code aut.
942 ## - ADDED ENTRY ELEMENTS (KOHA)
Koha item type Libros
Source of classification or shelving scheme Dewey Decimal Classification
Existencias
Withdrawn status Lost status Source of classification or shelving scheme Damaged status Not for loan Collection code Home library Current library Date acquired Total Checkouts Full call number Barcode Date last seen Copy number Price effective from Koha item type
    Dewey Decimal Classification     Colección General Biblioteca UPAN San Vicente Biblioteca UPAN San Vicente 03/09/2023   658.7 A539i 12003208 03/09/2023 01 03/09/2023 Libros
    Dewey Decimal Classification     Colección General Biblioteca UPAN San Vicente Biblioteca UPAN San Vicente 05/09/2023   658.7 A539i 12003207 05/09/2023 02 05/09/2023 Libros
    Dewey Decimal Classification     Colección General Biblioteca UPAN San Vicente Biblioteca UPAN San Vicente 05/09/2023   658.7 A539i 12003206 05/09/2023 03 05/09/2023 Libros